| 000 | 00849nam a2200241Ia 4500 | ||
|---|---|---|---|
| 003 | GCL | ||
| 008 | 140319s9999 xx 000 0 ara d | ||
| 020 | _a2120322977 | ||
| 040 |
_aGCL / _cGCL |
||
| 082 | 0 | 4 |
_aق _b302.222 _bع ت |
| 100 | 1 | _aعبير السيد | |
| 245 | 1 | 0 |
_aالتعبير الحركى للمراة المصرية : _bالزار - الجنائز - الافراح / _cعبير السيد |
| 250 | _aالاولى | ||
| 260 |
_aالقاهرة : _bعين للدراسات والبحوث الانسانية والاجتماعية ، _c2003 |
||
| 300 |
_a111 ص ؛ _c24 سم |
||
| 650 | 0 | 4 | _aالعادات والتقاليد |
| 650 | 0 | 4 | _aالرقص الشعبى |
| 650 | 0 | 4 | _aالزار |
| 650 | 0 | 4 | _aالفلكلور المصرى |
| 650 | 0 | 4 | _aلغة الجسد |
| 650 | 0 | 4 | _aالتعبير الحركى |
| 942 |
_2ddc _cBK |
||
| 999 |
_c8758 _d8758 |
||